00946naa a22002417a 4500001001000000003000900010005001700019007000300036008003400039040005400073041000900127072001400136100001700150100001600167100001900183111009000202245005400292260004200346500013900388650002000527650002100547773013600568BR9605481BR-BrBNA20240918181655.0ta230509b bl.||||| |||| 00| 0 por d aBR-BrBNAbporcBiblioteca Nacional de Agricultura a(Pt) aF01b21201 aMiguel, A.E.1 aC. Neto, F.1 aFreire, A.C.F.1 a12. Congresso Brasileiro de Pesquisas CafeeirascCaxambu, MG (Brazil)d28-31 Oct 19851 aConducao do cultivar Mundo Novo atraves de decote3 aRio de Janeiro, RJ (Brasil): c1985.  a12. Congresso Brasileiro de Pesquisas Cafeeiras. Trabalhos apresentados Rio de Janeiro, RJ (Brasil): 1985. p. 16-18 (BR9605481-AM)F01  aCafe Novo Mundo aPratica Cultural0 t12. Congresso Brasileiro de Pesquisas Cafeeiras. Trabalhos apresentadoswF01 BR9605481gRio de Janeiro, RJ (Brasil), 1985. p. 16-18